[Event "73rd Tata Steel GMC"]
[Site "Wijk aan Zee NED"]
[Date "2011.01.30"]
[Round "13"]
[White "De Jong,JW"]
[Black "Lahno,Kateri"]
[Result "0-1"]
[WhiteElo "2437"]
[BlackElo "2518"]

1.d4 Nf6 2.c4 g6 3.Nc3 d5 4.Nf3 Bg7 5.Bf4 O-O 6.e3 c5 7.dxc5 Qa5 8.Rc1 Nbd7
9.Qa4 Qxc5 10.b4 Qc6 11.Qxc6 bxc6 12.cxd5 cxd5 13.Nb5 Ba6 14.Rc6 Nb6 15.Nbd4 Bxf1
16.Rxf1 Nfd7 17.Nb3 Rfc8 18.b5 a6 19.a4 Nxa4 20.Rxc8+ Rxc8 21.bxa6 Ra8 22.Kd2 Nb2
23.Rc1 Nc4+ 24.Ke1 Rxa6 25.Nfd2 Ra4 26.Rc2 f5 27.Ke2 Kf7 28.f3 Rb4 29.Bg3 Ndb6
30.Be1 Na4 31.Nxc4 Rxb3 32.Na5 Rb2 33.Kd3 Rxc2 34.Kxc2 e5 35.Bb4 Nb6 36.Kd3 e4+
37.Ke2 Na4 38.Nc6 Bc3 39.Bxc3 Nxc3+ 40.Kd2 Nb5 41.g4 fxg4 42.fxe4 dxe4 43.Ne5+ Ke6
44.Nxg4 g5 45.Nf2 Kf5 46.Ke2 Nc3+ 47.Kf1 Nd5 48.Nd1 Kg4 49.Kg2 h5 50.Nf2+ Kf5
51.Nd1 Ke5 52.Kf2 Kd6 53.Ke2 g4 54.Kf2 h4 55.Ke2 Kc5 56.Nf2 Nf6 57.Nh1 Kc4
58.Nf2 Kc3 59.Nh1 Kc2 60.Nf2 Kc1 61.Nh1 g3 62.hxg3 h3 63.g4 Nxg4 64.Ng3 h2
65.Nh1 Kc2 66.Ng3 Nf6 67.Kf1 Nh5 68.Nh1 Kd2 69.Kg2 Kxe3 70.Nf2 Nf4+ 71.Kg3 Ke2
72.Nh1 Nh5+ 73.Kg2 e3 74.Nf2 exf2 75.Kxh2 Nf6  0-1

[Event "12th TCh-RUS Women"]
[Site "Olginka RUS"]
[Date "2011.04.23"]
[Round "7"]
[White "Gunina,V"]
[Black "Lahno,Kateri"]
[Result "1-0"]
[WhiteElo "2472"]
[BlackElo "2531"]

1.d4 Nf6 2.Nf3 g6 3.Nbd2 Bg7 4.e4 d6 5.Bd3 O-O 6.O-O Nc6 7.Re1 e5 8.c3 Nh5
9.dxe5 Nf4 10.Bf1 Nxe5 11.Nxe5 dxe5 12.Nc4 Qf6 13.Bxf4 exf4 14.e5 Qc6 15.Qd4 Bh6
16.Na5 Qb6 17.b4 Bf5 18.Rad1 Bg4 19.Rd2 Bg5 20.Qe4 Rab8 21.h3 Bf5 22.Qf3 Rfe8
23.a4 Kg7 24.Nb3 Qe6 25.Nd4 Qc8 26.Bc4 a6 27.e6 fxe6 28.Rde2 e5 29.Rxe5 Rxe5
30.Rxe5 Bf6 31.Qxf4 Bxe5 32.Qxe5+ Kh6 33.g4 Bxg4 34.Be6 Qd8 35.hxg4 Qd6 36.Qf6  1-0

[Event "ch-Euro Indiv Women"]
[Site "Tbilisi GEO"]
[Date "2011.05.10"]
[Round "4"]
[White "Zawadzka,J"]
[Black "Lahno,Kateri"]
[Result "1/2-1/2"]
[WhiteElo "2400"]
[BlackElo "2530"]

1.e4 e6 2.d4 d5 3.Nc3 Bb4 4.e5 c5 5.Bd2 Ne7 6.Nb5 Bxd2+ 7.Qxd2 O-O 8.f4 f6
9.Nf3 Nbc6 10.exf6 Rxf6 11.dxc5 b6 12.cxb6 Qxb6 13.O-O-O Rb8 14.b3 Qc5 15.Nbd4 a5
16.Kb1 a4 17.g3 Nxd4 18.Nxd4 Nc6 19.Nxc6 Qxc6 20.Bh3 Bb7 21.Rhe1 Rc8 22.Re2 axb3
23.cxb3 Ba6 24.Ree1 Rd8 25.Qe3 Rd6 26.g4 Rf8 27.g5 Re8 28.Qe5 d4 29.Rxd4 Bd3+
30.Rxd3 Rxd3 31.Bxe6+ Kh8 32.f5 Rd2 33.Rc1 Qa6 34.a4 Qd3+ 35.Ka1 Rd1 36.Rxd1 Qxd1+
37.Ka2 Qd2+ 38.Qb2 Qxg5 39.Ka3 Rd8 40.Qc3 Qf4 41.h3 h5 42.a5 h4 43.Qc4 Qg3
44.Qb4 Rb8 45.Qe4 Re8 46.Qc6 Rb8 47.Qe4 Re8 48.Qe2 g6 49.Qb2+ Kh7 50.Qd4 Qg5
51.fxg6+ Kxg6 52.Qg4 Qxg4 53.Bxg4 Kf6 54.a6 Ra8 55.Be2 Ke5 56.Ka4 Kd6 57.Ka5 Re8
58.Bb5 Rf8 59.Be2 Kc7 60.b4 Rf2 61.Bc4 Rf3 62.Be6 Ra3+ 63.Kb5 Re3 64.Bd5 Ra3
65.Be4 Ra1 66.Bb7 Ra3 67.Bd5 Ra1 68.Bc4 Ra3 69.Be6 Re3 70.Bd5 Ra3 71.Be6 Re3
72.Bd5  1/2-1/2

[Event "ch-Euro Indiv Women"]
[Site "Tbilisi GEO"]
[Date "2011.05.11"]
[Round "5"]
[White "Lahno,Kateri"]
[Black "Savina,A"]
[Result "1-0"]
[WhiteElo "2530"]
[BlackElo "2389"]

1.d4 Nf6 2.c4 g6 3.Nc3 Bg7 4.e4 d6 5.Nf3 O-O 6.Be2 e5 7.O-O Nc6 8.d5 Ne7
9.Kh1 a5 10.Ne1 Nd7 11.f4 exf4 12.Bxf4 h6 13.Nf3 Kh7 14.Be3 Ng8 15.Bd4 Qe7
16.Bxg7 Kxg7 17.Qd4+ f6 18.Nb5 Nc5 19.Rae1 Rf7 20.Bd1 Ra6 21.Bc2 c6 22.dxc6 Rxc6
23.Rd1 Ne6 24.Qd3 Nc5 25.Qd2 Nxe4 26.Bxe4 Qxe4 27.Nxd6 Rxd6 28.Qxd6 Qxc4
29.Rc1 Qe6 30.Qd2 b6 31.Rfe1 Qd7 32.Qxd7 Bxd7 33.Rc7 Be6 34.Rxf7+ Kxf7 35.a3 Ne7
36.Nd4 Bd5 37.Rc1 Ke8 38.Rc7 Kd8 39.Ra7 h5 40.Kg1 h4 41.b4 axb4 42.axb4 g5
43.Kf2 Nc8 44.Rg7 Ne7 45.Rh7 Ke8 46.g3 Bg8 47.Rh6 hxg3+ 48.hxg3 Nd5 49.b5 Kf7
50.Rh1 Nc3 51.Rc1 Ne4+ 52.Kf3 Nc5 53.Nf5 Ke6 54.g4 Bh7 55.Re1+ Kd5 56.Re7 Bg6
57.Ke3 Kc4 58.Rg7 Bxf5 59.gxf5 Kd5 60.Re7 Kd6 61.Re8 Kd5 62.Rb8 Na4 63.Kf3 Ke5
64.Kg4 Ke4 65.Rf8 Ke5 66.Re8+  1-0

[Event "ch-Euro Indiv Women"]
[Site "Tbilisi GEO"]
[Date "2011.05.12"]
[Round "6"]
[White "Khurtsidze,N"]
[Black "Lahno,Kateri"]
[Result "0-1"]
[WhiteElo "2436"]
[BlackElo "2530"]

1.d4 Nf6 2.c4 g6 3.Nf3 Bg7 4.g3 d5 5.cxd5 Nxd5 6.Bg2 Nb6 7.O-O Nc6 8.Nc3 O-O
9.d5 Na5 10.Qc2 c6 11.dxc6 Nxc6 12.Rd1 Qe8 13.a4 Bf5 14.e4 Bg4 15.a5 Nc4
16.a6 bxa6 17.Nd5 N4e5 18.Nxe5 Nxe5 19.Bg5 Bxd1 20.Qxd1 Qb5 21.Nc7 Qxb2 22.Nxa8 Rxa8
23.Rxa6 e6 24.Be3 Qb7 25.Qa4 Qb1+ 26.Bf1 Nf3+ 27.Kg2 Nd4 28.Rxa7 Qxe4+ 29.Kh3 Qf5+
30.Kg2 Qe4+ 31.Kh3 Rxa7 32.Qxa7 Nf3 33.Qb8+ Bf8 34.g4 Ng1+ 35.Kg3 Qf3+ 36.Kh4 h5
37.Qg3 Be7+ 38.Bg5 Bxg5+ 39.Kxg5 Kg7 40.Kh4 g5+  0-1

[Event "ch-Euro Indiv Women"]
[Site "Tbilisi GEO"]
[Date "2011.05.15"]
[Round "8"]
[White "Muzychuk,A"]
[Black "Lahno,Kateri"]
[Result "1/2-1/2"]
[WhiteElo "2537"]
[BlackElo "2530"]

1.e4 e5 2.Nf3 Nf6 3.Nxe5 d6 4.Nf3 Nxe4 5.d4 d5 6.Bd3 Nc6 7.Nc3 Nxc3 8.bxc3 Bg4
9.Rb1 Rb8 10.h3 Bh5 11.Bb5 Bxf3 12.Qxf3 Be7 13.Ba4 O-O 14.Bb3 Bg5 15.Bxd5 Bxc1
16.Rxc1 Qe7+ 17.Qe3 Qd6 18.Bxc6 Qxc6 19.O-O Rfe8 20.Qd3 b5 21.Rfe1 Qd5 22.Rb1 c6
23.a4 a6 24.c4 Rxe1+ 25.Rxe1 bxc4 26.Qg3 Rf8 27.Qe5 f6 28.Qc7 Qxd4 29.Re7 f5
30.Qxc6 h6 31.Qxa6 Qd1+ 32.Kh2 Qxc2 33.Qe6+ Kh8 34.Qe5 Rg8 35.a5 Qxf2 36.a6 f4
37.a7 Qg3+ 38.Kh1 Qa3 39.Re6 Kh7 40.Qe4+ Kh8 41.Qe5 Kh7 42.Qf5+ Kh8 43.Qf7 Qa4
44.Qxf4  1/2-1/2

[Event "ch-Euro Indiv Women"]
[Site "Tbilisi GEO"]
[Date "2011.05.16"]
[Round "9"]
[White "Lahno,Kateri"]
[Black "Khotenashvili,B"]
[Result "1-0"]
[WhiteElo "2530"]
[BlackElo "2470"]

1.e4 c6 2.d4 d5 3.e5 Bf5 4.h4 h5 5.Bg5 Qb6 6.Bd3 Bxd3 7.Qxd3 e6 8.Nd2 Qa6
9.c4 Bb4 10.b3 Ne7 11.Ne2 Nd7 12.O-O Bxd2 13.Qxd2 Nf5 14.cxd5 cxd5 15.Ng3 Nxg3
16.fxg3 O-O 17.Bf6 gxf6 18.exf6 Rfc8 19.Qh6 Nxf6 20.Qg5+ Kf8 21.Qxf6  1-0

[Event "ch-Euro Indiv Women"]
[Site "Tbilisi GEO"]
[Date "2011.05.17"]
[Round "10"]
[White "Stefanova,A"]
[Black "Lahno,Kateri"]
[Result "1-0"]
[WhiteElo "2506"]
[BlackElo "2530"]

1.d4 Nf6 2.Nf3 g6 3.Nbd2 Bg7 4.e4 d6 5.Bd3 O-O 6.O-O Nc6 7.Re1 e5 8.c3 Nh5
9.Nb3 h6 10.h3 a5 11.a4 exd4 12.cxd4 Nb4 13.Bb1 Nf6 14.Bd2 b6 15.d5 c5 16.dxc6 Nxc6
17.Qc1 Be6 18.Nbd4 Nxd4 19.Nxd4 Rc8 20.Bc2 Nd7 21.Nxe6 fxe6 22.Re2 Kh7 23.Ra3 Qc7
24.Bc3 Ne5 25.Rb3 h5 26.Qd1 Bh6 27.Rb5 Rb8 28.Bb3 Qe7 29.Ba2 Nc6 30.Qb3 e5
31.Rxb6 Nb4 32.Rxb8 Rxb8 33.Bxb4 Rxb4 34.Qg8+  1-0

[Event "ch-Euro Indiv Women"]
[Site "Tbilisi GEO"]
[Date "2011.05.18"]
[Round "11"]
[White "Lahno,Kateri"]
[Black "Arakhamia-Grant,K"]
[Result "1/2-1/2"]
[WhiteElo "2530"]
[BlackElo "2462"]

1.e4 c5 2.c3 d5 3.exd5 Qxd5 4.d4 Nf6 5.Nf3 e6 6.Na3 cxd4 7.Nb5 Qd8 8.Qxd4 Qxd4
9.Nfxd4 Na6 10.Bf4 Bc5 11.Nd6+ Ke7 12.Nxc8+ Raxc8 13.Nb3 Bb6 14.Be2 Nc5 15.Nxc5 Bxc5
16.Bf3 b5 17.a3 Bd6 18.Bxd6+ Kxd6 19.a4 b4 20.cxb4 Rc2 21.b5 Kc5 22.O-O Rd8
23.b3 Rdd2 24.h3  1/2-1/2

[Event "TCh-FRA Final w Top 12"]
[Site "Port Marly FRA"]
[Date "2011.06.26"]
[Round "2"]
[White "Muzychuk,A"]
[Black "Lahno,Kateri"]
[Result "1/2-1/2"]
[WhiteElo "2537"]
[BlackElo "2530"]

1.e4 e5 2.Nf3 Nc6 3.Bb5 a6 4.Bxc6 dxc6 5.O-O f6 6.d4 Bg4 7.c3 Bd6 8.Be3 Ne7
9.Nbd2 O-O 10.Qb3+ Kh8 11.h3 Bc8 12.Rad1 Qe8 13.c4 exd4 14.Bxd4 Qh5 15.Qe3 Ng6
16.Nh2 Nf4 17.Qf3 Ne2+ 18.Kh1 Qxf3 19.Nhxf3 Nxd4 20.Nxd4 Re8 21.Rfe1 Kg8
22.Kg1 a5 23.Nb1 Bd7 24.Nc3 Rad8 25.Re3 Bb4 26.Red3 Bc8 27.Nde2 Rxd3 28.Rxd3 h5
29.f3 g5 30.g4 hxg4 31.hxg4 Bd6  1/2-1/2

[Event "Rostov Women GP"]
[Site "Rostov-on-Don RUS"]
[Date "2011.08.02"]
[Round "1"]
[White "Galliamova,A"]
[Black "Lahno,Kateri"]
[Result "0-1"]
[WhiteElo "2492"]
[BlackElo "2536"]

1.d4 Nf6 2.c4 g6 3.Nc3 d5 4.Nf3 Bg7 5.Qa4+ Bd7 6.Qb3 dxc4 7.Qxc4 O-O 8.Bf4 Na6
9.e4 c5 10.e5 Be6 11.exf6 Bxc4 12.fxg7 Kxg7 13.Bxc4 cxd4 14.Be5+ f6 15.Bxd4 e5
16.Be3 Nb4 17.O-O Nc2 18.Rad1 Qc7 19.Bb3 Nxe3 20.fxe3 Rac8 21.Rf2 Qc5 22.Nd5 a5
23.a4 Rfd8 24.Ne1 f5 25.Nf3 b5 26.Nxe5 bxa4 27.Ba2 a3 28.g4 axb2 29.gxf5 Qc1
30.f6+ Kf8 31.Rd2 Qxd1+ 32.Rxd1 Rc1 33.Kg2 Rxd1 34.Nf4 R1d6 35.Nfxg6+ hxg6
36.Nxg6+ Ke8 37.f7+ Kd7 38.Ne5+ Ke7 39.h4 Rb6 40.h5 b1=Q 41.Bxb1 Rd2+  0-1

[Event "Kings vs Queens Rapid"]
[Site "Saint Louis USA"]
[Date "2011.09.15"]
[Round "5"]
[White "Lahno,Kateri"]
[Black "Stopa,Ja"]
[Result "1/2-1/2"]
[WhiteElo "2554"]
[BlackElo "2482"]

1.e4 e6 2.d4 d5 3.Nc3 Nf6 4.Bg5 Bb4 5.e5 h6 6.Bc1 Ne4 7.Qg4 g5 8.Ne2 c5 9.a3 Ba5
10.b4 Nxc3 11.Nxc3 cxd4 12.Nb5 Bc7 13.f4 Nc6 14.Be2 Bb8 15.Qh5 a6 16.Nd6+ Bxd6
17.exd6 d3 18.Bxd3 Qf6 19.O-O Qxa1 20.fxg5 Qd4+ 21.Kh1 Ne5 22.gxh6 Bd7 23.Qg5 Nc6
24.Rxf7 Kxf7 25.Qg6+ Kf8 26.h7 Qa1 27.Qg5 Qg7 28.Qh5 Be8 29.Qh4 Qa1 30.Qh6+ Qg7
31.Qh4 Qa1 32.Qh6+ Qg7 33.Qh4 Qa1 34.Qh6+ Qg7  1/2-1/2

[Event "16th ECC w"]
[Site "Rogaska Slatina SLO"]
[Date "2011.09.27"]
[Round "3.3"]
[White "Dimitrijevic,A"]
[Black "Lahno,Kateri"]
[Result "0-1"]
[WhiteElo "2287"]
[BlackElo "2554"]

1.d4 Nf6 2.c4 g6 3.Nf3 Bg7 4.Nc3 d5 5.Qb3 dxc4 6.Qxc4 O-O 7.e4 Nc6 8.Be2 Bg4
9.Be3 Bxf3 10.gxf3 e5 11.d5 Nd4 12.Bxd4 exd4 13.Qxd4 Nh5 14.Qc4 Qg5 15.h4 Qf4
16.Nd1 c6 17.Ne3 Bxb2 18.Rb1 Qe5 19.dxc6 bxc6 20.Qxc6 Nf4 21.Qc2 Rab8 22.O-O Bd4
23.Rxb8 Rxb8 24.Ng4 Nxe2+ 25.Qxe2 Qg3+ 26.Kh1 Qh3+ 27.Kg1 h5 28.Nh6+ Kg7
29.Nxf7 Qg3+ 30.Kh1 Qh3+ 31.Kg1 Rb2 32.Qd3 Bxf2+ 33.Rxf2 Qg3+ 34.Kh1 Qxh4+  0-1

[Event "16th ECC w"]
[Site "Rogaska Slatina SLO"]
[Date "2011.09.28"]
[Round "4.2"]
[White "Muzychuk,A"]
[Black "Lahno,Kateri"]
[Result "1/2-1/2"]
[WhiteElo "2545"]
[BlackElo "2554"]

1.e4 c5 2.Nc3 d6 3.d4 cxd4 4.Qxd4 Nc6 5.Bb5 Bd7 6.Bxc6 Bxc6 7.Nf3 Nf6 8.Bg5 e6
9.O-O-O Be7 10.Qd3 h6 11.Bxf6 Bxf6 12.Nd4 O-O 13.f4 Qa5 14.g4 Rfd8 15.h4 Bxd4
16.Qxd4 e5 17.Qe3 exf4 18.Qxf4 Qe5 19.Rhf1 Qxf4+ 20.Rxf4 f6 21.Rd4  1/2-1/2

[Event "16th ECC w"]
[Site "Rogaska Slatina SLO"]
[Date "2011.09.30"]
[Round "6.1"]
[White "Harika,D"]
[Black "Lahno,Kateri"]
[Result "1/2-1/2"]
[WhiteElo "2505"]
[BlackElo "2554"]

1.d4 Nf6 2.c4 g6 3.Nc3 d5 4.Qb3 dxc4 5.Qxc4 Bg7 6.e4 O-O 7.Be2 Nfd7 8.Be3 Nb6
9.Qd3 Nc6 10.Nf3 Bg4 11.Rd1 Bxf3 12.Bxf3 e5 13.d5  1/2-1/2

[Event "Nalchik WGP 2011"]
[Site "Nalchik RUS"]
[Date "2011.10.17"]
[Round "8"]
[White "Lahno,Kateri"]
[Black "Kosintseva,T"]
[Result "1/2-1/2"]
[WhiteElo "2554"]
[BlackElo "2536"]

1.d4 Nf6 2.c4 e6 3.Nc3 Bb4 4.e3 O-O 5.Bd3 c5 6.Ne2 cxd4 7.exd4 d5 8.cxd5 Nxd5
9.O-O Nc6 10.Nxd5 exd5 11.Nf4 Ne7 12.Qf3 Bd6 13.Re1 Bxf4 14.Bxf4 Ng6 15.Bd2 Qb6
16.Qxd5 Qxb2 17.Bg5 Be6 18.Qd6 Qb6 19.Qxb6 axb6 20.a4 Ra5 21.Bd2 Rd5 22.Be3 Ne7
23.Rab1 Rd6 24.Be4 Nd5 25.Bxd5 Bxd5 26.Bf4 Re6 27.Bc7 Ra8 28.Re5 Rxe5 29.dxe5 Rxa4
30.Bxb6 f6 31.exf6 gxf6 32.f3 Kf7 33.Kf2 Ra2+ 34.Kg3 Ke6 35.Bd4 Bc6 36.Bb6 Bd5
37.Rb4 Kf7 38.Rh4 Kg6 39.Rg4+ Kf7 40.Rh4 Kg6 41.Rg4+ Kf7  1/2-1/2

[Event "Nalchik WGP 2011"]
[Site "Nalchik RUS"]
[Date "2011.10.19"]
[Round "9"]
[White "Ju Wenjun"]
[Black "Lahno,Kateri"]
[Result "1/2-1/2"]
[WhiteElo "2536"]
[BlackElo "2554"]

1.d4 Nf6 2.c4 g6 3.g3 c6 4.Bg2 d5 5.cxd5 cxd5 6.Nc3 Bg7 7.Nf3 O-O 8.Ne5 e6
9.O-O Nfd7 10.f4 Nc6 11.Be3 Nb6 12.Bf2 Bd7 13.e4 Ne7 14.a4 dxe4 15.Nxe4 Bc6
16.a5 Bxe4 17.Bxe4 Nbd5 18.Qb3 Qd6 19.Rfc1 Rab8 20.Rc5 b6 21.axb6 Qxb6 22.Qxb6 axb6
23.Rb5 Ra8 24.Rxa8 Rxa8 25.Nd7 Ra1+ 26.Kg2 Rd1 27.Bxd5 Nxd5 28.Nxb6 Bxd4
29.Bxd4 Rxd4 30.Nxd5 exd5 31.Kf3 Rd2 32.h4 h5 33.Ke3 Rg2 34.Kf3 Rd2 35.Ke3 Rg2
36.Kf3  1/2-1/2

[Event "Nalchik WGP 2011"]
[Site "Nalchik RUS"]
[Date "2011.10.20"]
[Round "10"]
[White "Lahno,Kateri"]
[Black "Cmilyte,V"]
[Result "0-1"]
[WhiteElo "2554"]
[BlackElo "2525"]

1.e4 e5 2.Nf3 Nc6 3.Bb5 f5 4.d3 fxe4 5.dxe4 Nf6 6.O-O d6 7.c4 Be7 8.Nc3 a6
9.Ba4 O-O 10.c5 Kh8 11.h3 Bd7 12.Re1 Be8 13.cxd6 Bxd6 14.Bg5 h6 15.Bxc6 Bxc6
16.Bh4 Qe8 17.Bxf6 Rxf6 18.Nd5 Bxd5 19.Qxd5 Qh5 20.Nh2 c6 21.Qd1 Qh4 22.Ng4 Rg6
23.Qf3 Rf8 24.Qe3 h5 25.Nh2 b6 26.Rac1 Bc5 27.Rxc5 bxc5 28.Qxc5 Rgf6 29.Re2 Qg5
30.Qe7 R8f7 31.Qd8+ Rf8 32.Qe7 Qc1+ 33.Nf1 Qc4 34.Ng3 Qc1+ 35.Nf1 Qc4 36.Ng3 g6
37.Qxe5 h4 38.b3 Qd3 39.Re3 Qb5 40.Qxb5 axb5 41.Nh1 c5 42.f3 Ra6 43.Rc3 Rxa2
44.Rxc5 Rd8 45.Rxb5 Rd1+ 46.Kh2 Rf1 47.Rb6 Kg7 48.Rb7+ Kh6 49.Rb8 Raa1 50.Rh8+ Kg7
51.Rxh4 Rxh1+ 52.Kg3 Ra2 53.Rg4 Rg1 54.Kh2 Rb1 55.Rg3 Raa1 56.Rg4 Rxb3 57.Rg5 Kf6
58.h4 Re3 59.Kg3 Re2 60.Kf4 Raa2 61.g3 Rf2 62.Kg4 Ra3 63.e5+ Kf7 64.e6+ Kf6
65.e7 Kxe7 66.Rxg6 Rfxf3 67.Kh3 Kf7 68.Rg5 Rf1 69.Rb5 Kg7 70.Kg4 Rff3 71.Kh5 Rxg3
72.Rb7+ Kh8 73.Rh7+ Kg8 74.Rb7 Ra5+ 75.Kh6 Ra6+ 76.Kh5 Re3 77.Rb5 Kf7 78.Kg4 Rea3
79.Rf5+ Rf6 80.Rb5 Kg6 81.Rg5+ Kh7 82.Rh5+ Rh6 83.Rb5 Ra4+ 84.Kg5 Rhxh4  0-1

[Event "Sportaccord WMG Rapid w"]
[Site "Beijing CHN"]
[Date "2011.12.09"]
[Round "1"]
[White "Lahno,Kateri"]
[Black "Cramling,P"]
[Result "0-1"]
[WhiteElo "2549"]
[BlackElo "2495"]

1.c4 c5 2.Nf3 Nf6 3.d4 cxd4 4.Nxd4 Nc6 5.g3 Qb6 6.Nb3 e6 7.Bg2 Ne5 8.O-O Nxc4
9.e4 d6 10.Qe2 Ne5 11.Nc3 Bd7 12.Be3 Qb4 13.f4 Ng6 14.e5 dxe5 15.fxe5 Ng4
16.Bd4 Nh6 17.h4 a5 18.h5 a4 19.hxg6 hxg6 20.Rad1 axb3 21.a3 Qa5 22.Qe3 Rc8
23.Bxb7 Rc7 24.Bg2 Nf5 25.Qf2 Bc5 26.Bxc5 Qxc5 27.Qxc5 Rxc5 28.Kf2 Rxe5 29.Rfe1 Rxe1
30.Rxe1 Ke7 31.Nd5+ Kd6 32.Nb6 Bb5 33.Rc1 Rb8 34.Nc8+ Kd7 35.Na7 Nd4 36.Rd1 e5
37.Bd5 Ba4 38.Rc1 Nc2 39.Rh1 Kd6 40.Bg2 f5 41.Rh7 Rg8 42.Bf1 Kc5 43.g4 Kb6
44.Bc4 Ra8 45.Rxg7 Rxa7 46.Rxg6+ Kc5 47.Be6 f4 48.g5 e4 49.Bg4 f3 50.Re6 Bc6
51.Re5+ Kd4 52.Re6 e3+ 53.Kg3 e2  0-1

[Event "Sportaccord WMG Rapid w"]
[Site "Beijing CHN"]
[Date "2011.12.09"]
[Round "2"]
[White "Cmilyte,V"]
[Black "Lahno,Kateri"]
[Result "0-1"]
[WhiteElo "2503"]
[BlackElo "2549"]

1.Nf3 g6 2.c4 Bg7 3.Nc3 c5 4.g3 Nc6 5.Bg2 e6 6.d3 Nge7 7.Bg5 h6 8.Bd2 O-O
9.Qc1 Kh7 10.h4 d5 11.Rb1 b6 12.a3 Bb7 13.h5 g5 14.b4 dxc4 15.dxc4 cxb4 16.axb4 Qd7
17.Ne4 f5 18.Nfxg5+ hxg5 19.h6 Bf6 20.Nxf6+ Rxf6 21.Bxg5 Rg6 22.Kf1 Ne5 23.Bf4 Bxg2+
24.Kxg2 Qc6+ 25.Kh2 Nxc4 26.Rd1 Nd5 27.Bg5 Rag8 28.Rd4 b5 29.f4 Nde3 30.Qh1 Ng4+
31.Kg1 Qb6 32.e3 Ncxe3 33.Rd7+ Kh8 34.Qb7 Qxb7 35.Rxb7 Nxh6 36.Kf2 Neg4+
37.Kf3 R6g7 38.Rxb5 Rc8 39.Rc5 Rgc7  0-1

[Event "Sportaccord WMG Rapid w"]
[Site "Beijing CHN"]
[Date "2011.12.10"]
[Round "3"]
[White "Lahno,Kateri"]
[Black "Dembo,Y"]
[Result "1-0"]
[WhiteElo "2549"]
[BlackElo "2468"]

1.Nf3 Nf6 2.c4 g6 3.Nc3 Bg7 4.e4 d6 5.d4 O-O 6.Be2 e5 7.O-O Nc6 8.d5 Ne7
9.Nd2 a5 10.a3 Bd7 11.b3 c5 12.Nb5 Ne8 13.Nf3 h6 14.Nh4 g5 15.Nf3 Ng6 16.Ne1 f5
17.exf5 Bxf5 18.Bg4 e4 19.Ra2 Qf6 20.Nc2 Rd8 21.Bb2 Qf7 22.Bxf5 Qxf5 23.Ne3 Qf7
24.f3 Bxb2 25.Rxb2 Qf4 26.Re2 Qe5 27.Ng4 Qg7 28.Rxe4 h5 29.Nf2 Ne5 30.Nd3 Nf6
31.Ree1 Nf7 32.Nc7 Qg6 33.Ne6 b6 34.f4 g4 35.f5 Qh7 36.Qa1 Qh6 37.Nxd8 Nxd8
38.Nf4 h4 39.Ng6 Rf7 40.Qc1 Qh5 41.Qf4 Rd7 42.Re7  1-0

[Event "Sportaccord WMG Rapid w"]
[Site "Beijing CHN"]
[Date "2011.12.10"]
[Round "4"]
[White "Socko,M"]
[Black "Lahno,Kateri"]
[Result "0-1"]
[WhiteElo "2479"]
[BlackElo "2549"]

1.d4 Nf6 2.c4 g6 3.Nc3 d5 4.Nf3 Bg7 5.e3 O-O 6.b4 Bg4 7.h3 Bxf3 8.Qxf3 c6
9.Qd1 Nbd7 10.cxd5 cxd5 11.Be2 e5 12.dxe5 Nxe5 13.O-O Rc8 14.Nb5 Ne4 15.Bb2 a6
16.Nd4 Nc4 17.Bxc4 dxc4 18.Qc2 Qe7 19.a4 Rfd8 20.Bc3 Nxc3 21.Qxc3 b5 22.axb5 axb5
23.Ra5 Rd5 24.Rfa1 Bxd4 25.exd4 Qf6 26.Rd1 Rcd8 27.Qe3 Kg7 28.Re1 h5 29.Re2 h4
30.Re1 R8d6 31.Qe8 Rd8 32.Qe3 Qf5 33.Qc3 Rxd4 34.Re3 Kh7 35.Rf3 Rf4 36.Rxf4 Rd1+  0-1

[Event "Sportaccord WMG Rapid w"]
[Site "Beijing CHN"]
[Date "2011.12.11"]
[Round "6"]
[White "Lahno,Kateri"]
[Black "Hou Yifan"]
[Result "1-0"]
[WhiteElo "2549"]
[BlackElo "2578"]

1.d4 Nf6 2.c4 e6 3.Nc3 Bb4 4.e3 O-O 5.Bd3 d5 6.Ne2 dxc4 7.Bxc4 e5 8.a3 Bd6
9.O-O Nc6 10.d5 Ne7 11.e4 h6 12.b4 Bd7 13.b5 Ng6 14.Ng3 Nf4 15.Re1 Ng4 16.h3 Nf6
17.Bf1 Nh7 18.Nf5 Qc8 19.Qc2 Re8 20.g3 Ng5 21.Re3 Nfxh3+ 22.Kh2 Bc5 23.Bxh3 Bxe3
24.Bxe3 Nxh3 25.Kxh3 g6 26.g4 gxf5 27.exf5 f6 28.Ne4 Kf7 29.d6 c6 30.Qb3+ Kg7
31.Bxh6+ Kxh6 32.Qf7 Bxf5 33.Qxf6+ Bg6 34.Kg3  1-0

[Event "Sportaccord WMG Blindfold w"]
[Site "Beijing CHN"]
[Date "2011.12.14"]
[Round "2"]
[White "Lahno,Kateri"]
[Black "Cmilyte,V"]
[Result "1/2-1/2"]
[WhiteElo "2549"]
[BlackElo "2503"]

1.Nf3 g6 2.e4 c5 3.d4 Bg7 4.dxc5 Qa5+ 5.c3 Qxc5 6.Na3 d6 7.Nb5 a6 8.Be3 Qc6
9.Na7 Qc7 10.Nxc8 Qxc8 11.Bd3 Nf6 12.O-O Nbd7 13.Bc2 O-O 14.a4 Nc5 15.e5 Ng4
16.Bxc5 Qxc5 17.exd6 Rfd8 18.Qe2 Qxd6 19.Rad1 Qc7 20.Bb3 Ne5 21.Nxe5 Bxe5
22.h4 Bf6 23.h5 Qf4 24.hxg6 hxg6 25.Qc4 Qxc4 26.Bxc4 e6 27.Be2 Rxd1 28.Rxd1 Rd8
29.Rxd8+ Bxd8 30.Bf3 b6 31.a5 bxa5 32.Bb7 a4 33.Bxa6 Bg5 34.Bb5 Bc1 35.Bxa4 Bxb2
36.c4 Bd4 37.Kf1 Kf8 38.Ke2 e5 39.f3 Ke7 40.g4 f5 41.gxf5 gxf5 42.Bc2 Ke6
43.Bb1 Bc5 44.Bc2 Bd4 45.Bb1 Bc5 46.Bc2 Bd4  1/2-1/2

[Event "Sportaccord WMG Blindfold w"]
[Site "Beijing CHN"]
[Date "2011.12.14"]
[Round "5"]
[White "Ju Wenjun"]
[Black "Lahno,Kateri"]
[Result "1/2-1/2"]
[WhiteElo "2543"]
[BlackElo "2549"]

1.d4 Nf6 2.c4 g6 3.g3 c6 4.Bg2 d5 5.Nf3 Bg7 6.cxd5 cxd5 7.Nc3 O-O 8.Ne5 e6
9.O-O Nfd7 10.Nf3 Nc6 11.Bf4 Nf6 12.Rc1 Qa5 13.Qb3 Qa6 14.Rfd1 Bd7 15.Ne5 Nxe5
16.Bxe5 Rfc8 17.e3 Ne8 18.Bf1 Qb6 19.Qxb6 axb6 20.Bxg7 Kxg7 21.a3 Nd6 22.Na2 Bb5
23.Bxb5 Nxb5 24.Kf1 Nd6 25.Rxc8 Rxc8 26.Rc1 Rxc1+ 27.Nxc1 Nc4 28.Nd3 g5 29.h3 h5
30.Ke2 Kg6 31.g4 hxg4 32.hxg4 f5 33.f3 fxg4 34.fxg4 Kf6 35.a4 Ke7 36.b3 Nd6
37.Ne5 Ne4 38.Kd3 Kd6 39.Nf7+ Ke7 40.Ne5 Kd6 41.Nf7+ Ke7 42.Ne5 Kd6  1/2-1/2

[Event "Sportaccord WMG Blindfold w"]
[Site "Beijing CHN"]
[Date "2011.12.15"]
[Round "3"]
[White "Dembo,Y"]
[Black "Lahno,Kateri"]
[Result "0-1"]
[WhiteElo "2468"]
[BlackElo "2549"]

1.e4 e5 2.Nf3 Nc6 3.Bb5 Nf6 4.d3 Bc5 5.c3 O-O 6.O-O Re8 7.h3 h6 8.Nbd2 a6
9.Ba4 b5 10.Bc2 d5 11.Qe2 Nh5 12.Rd1 Nf4 13.Qf1 Bb6 14.Nb3 dxe4 15.dxe4 Qf6
16.Bxf4 Qxf4 17.Qe2 g5 18.Nh2 h5 19.Qxh5 Bxf2+ 20.Kh1 Be6 21.Rf1 Qg3 22.Qh6 Ne7
23.Qf6 Bb6 24.Rad1 Ng6 25.Rd3 Qh4 26.Nf3 Qf4 27.Nxg5 Qxf6 28.Rxf6 Nf4 29.Nxe6 Nxd3
30.Bxd3 Rxe6 31.Rxe6 fxe6 32.Be2 Rf8 33.Bf3 a5 34.Nd2 Rd8 35.Nf1 b4 36.Be2 bxc3
37.bxc3 Bf2 38.g3 Be1 39.c4 Rd4 40.Kg2 Rxe4 41.Kf3 Rd4 42.h4 a4 43.Ke3 a3
44.h5 c5 45.Kf3 Bd2 46.Kf2 Bg5 47.Kf3 Kg7 48.Kf2 Rd8 49.Nh2 Rd2 50.Nf3 Rxa2
51.Nxg5 Rxe2+  0-1

[Event "Sportaccord WMG Blindfold w"]
[Site "Beijing CHN"]
[Date "2011.12.15"]
[Round "4"]
[White "Lahno,Kateri"]
[Black "Dzagnidze,N"]
[Result "1/2-1/2"]
[WhiteElo "2549"]
[BlackElo "2516"]

1.c4 e5 2.g3 g6 3.d4 exd4 4.Qxd4 Nf6 5.Nc3 Nc6 6.Qe3+ Ne7 7.Qe5 Bg7 8.Nd5 Nxd5
9.Qxg7 Rg8 10.Qxh7 Nf6 11.Qh4 Nf5 12.Qf4 d6 13.Nf3 Qe7 14.Bg2 Bd7 15.Nd4 O-O-O
16.Nxf5 gxf5 17.Qe3 Rde8 18.Qxe7 Rxe7 19.Bf4 Nh5 20.Bf3 Nxf4 21.gxf4 Bc6
22.Bxc6 bxc6 23.e3 Rg4 24.Kd2 f6 25.Rag1 Rh7 26.Rg3 Kd7 27.h3 Rgh4 28.Rg8 Rxh3
29.Rxh3 Rxh3 30.Rf8 Rh2 31.Ke2 Rh6 32.Ra8 Rh1 33.Rxa7 Rc1 34.b3 Rc2+ 35.Kf3 c5
36.Ra8 Rb2 37.Ra7 Kc6 38.Kg3 Kd7 39.Ra8 Ke7 40.a4 Rxb3 41.a5 Rb4 42.a6 Ra4
43.a7 Kd7 44.f3 Kc6 45.Rf8 Rxa7 46.Rxf6 Ra4 47.Rxf5 Rxc4 48.Rf8 Ra4 49.f5 c4
50.f6 c3 51.Rh8 c2 52.Rh1 Kd7 53.Rc1 Rc4 54.Kf2 Ke6 55.f7 Kxf7 56.Ke2 Ke6
57.Kd3 d5 58.Rxc2 Rxc2 59.Kxc2 c5 60.e4 dxe4 61.fxe4 Ke5 62.Kd3 c4+ 63.Kxc4 Kxe4  1/2-1/2

[Event "Sportaccord WMG Blindfold w"]
[Site "Beijing CHN"]
[Date "2011.12.16"]
[Round "7"]
[White "Paehtz,E"]
[Black "Lahno,Kateri"]
[Result "1-0"]
[WhiteElo "2457"]
[BlackElo "2549"]

1.e4 e5 2.Nf3 Nc6 3.Bc4 Bc5 4.c3 Nf6 5.d3 a6 6.Bb3 d6 7.O-O O-O 8.Bg5 h6
9.Be3 Bxe3 10.fxe3 d5 11.exd5 Nxd5 12.Qe2 Be6 13.Nbd2 Qd7 14.Ne4 Qe7 15.c4 Nb6
16.Nc3 Rad8 17.Rad1 Bc8 18.a3 Na5 19.Ba2 c5 20.Nd2 Bg4 21.Qxg4 Rxd3 22.Qe2 Rd7
23.Nd5 Nxd5 24.cxd5 b5 25.Ne4 c4 26.Qg4 Rdd8 27.d6 Qa7 28.Nf6+ Kh8 29.Qe4 gxf6
30.Rxf6 Kg7 31.Qg4+ Kxf6 32.Rf1+  1-0

[Event "Grand Prix Pyramides FFE Open"]
[Site "Le Port-Marly FRA"]
[Date "2012.01.07"]
[Round "6.3"]
[White "Lahno,Kateri"]
[Black "Bacrot,E"]
[Result "0-1"]
[WhiteElo "2557"]
[BlackElo "2704"]

1.c4 e5 2.g3 Nf6 3.Bg2 g6 4.d4 exd4 5.Qxd4 Bg7 6.Qe3+ Qe7 7.Qxe7+ Kxe7 8.Nc3 d6
9.Bg5 c6 10.Ne4 Nd7 11.O-O-O h6 12.Bxf6+ Nxf6 13.Nxd6 Be6 14.Nxb7 Ng4 15.Nh3 Rhb8
16.Bxc6 Ne5 17.Na5 Bxh3 18.Bxa8 Rxa8 19.f4 Ng4 20.Nc6+ Ke8 21.Rd5 Rc8 22.Na5 Bg2
23.Rhd1 Bxd5 24.Rxd5 Ne3 25.Rd2 Nxc4 26.Rc2 Bxb2+ 27.Rxb2 Nxa5+  0-1

[Event "74th Tata Steel GMB"]
[Site "Wijk aan Zee NED"]
[Date "2012.01.28"]
[Round "12"]
[White "Lahno,Kateri"]
[Black "Nyzhnyk,I"]
[Result "0-1"]
[WhiteElo "2557"]
[BlackElo "2568"]

1.c4 Nf6 2.Nf3 g6 3.Nc3 Bg7 4.e4 d6 5.d4 O-O 6.Be2 e5 7.O-O Nc6 8.d5 Ne7
9.Nd2 a5 10.a3 Bd7 11.b3 c6 12.Ra2 Qb8 13.Rc2 Rc8 14.Ndb1 cxd5 15.cxd5 b5
16.b4 axb4 17.axb4 Ra1 18.Bb2 Ra7 19.Bd3 Nh5 20.Ne2 f5 21.exf5 Rxc2 22.Bxc2 gxf5
23.Bc1 Nf6 24.Bg5 Rc7 25.Na3 Qa7 26.Qd3 Kh8 27.Bd1 Qa6 28.Bxf6 Bxf6 29.Nc2 Qa8
30.Ne3 f4 31.Bc2 Qg8  0-1